Music Quiz

Random Music or Billboard Quiz

One Artist, Two Different Number Ones Quiz Stats

 Plays Quiz Updated Mar 31, 2016

Challenge
Share
Tweet
Score 0/25 Timer 10:00
4 Plays Today
% Correct
Crazy Little Thing Called Love
82.5%
We Didn't Start The Fire
79.7%
Born This Way
76.4%
Let It Be
75.7%
Angie
70%
Fame
65.3%
Suspicious Minds
64.9%
Womanizer
60.4%
With Or Without You
59%
Sussudio
57.1%
What A Girl Wants
50.7%
Beat It
50%
Gypsys, Tramps & Thieves
49%
% Correct
Greatest Love Of All
46.6%
Raise Your Glass
44.7%
Crocodile Rock
36.2%
Not Afraid
29.8%
Faith
27.7%
Justify My Love
27.2%
Irreplaceable
26.8%
U Remind Me
25.2%
I Get Around
24.2%
My Love
23.1%
Always Be My Baby
21%
Because You Loved Me
17.1%

You're not logged in!

Compare scores with friends on all Sporcle quizzes.
Join for Free
OR
Log In

You Might Also Like...

Show Comments

Extras

Top Quizzes Today


Score Distribution

Your Account Isn't Verified!

In order to create a playlist on Sporcle, you need to verify the email address you used during registration. Go to your Sporcle Settings to finish the process.

Report this User

Report this user for behavior that violates our Community Guidelines.

Details: